| 000 | 00392 a2200157 4500 | ||
|---|---|---|---|
| 001 | 180343 | ||
| 020 | _a | ||
| 040 | _cMagnum | ||
| 100 | _aCalmon, Pedro | ||
| 240 | 1 | 0 |
_aHistoria do brasil/v.4/jose olympio/sec. 18-19 _lpor |
| 245 | 1 | 0 | _aHistoria do brasil/v.4/jose olympio/sec. 18-19 |
| 362 | 0 | _a1899 | |
| 440 | 1 | _aJosé Olympio | |
| 697 | _aMAGNITO: HISTORIA DO BRASIL | ||
| 942 | _cBK | ||
| 999 |
_c180343 _d180343 |
||